Small places, large issues : an introduction to social and cultural anthropology

Saved in:
Bibliographic Details
Main Author: Eriksen, Thomas Hylland
Format: Book
Language:English
Published: London : Pluto Press, 1995
Series:Anthropology, culture, and society
Subjects:
Tags: Add Tag
No Tags, Be the first to tag this record!

MARC

LEADER 00000nam a2200000 i 4500
001 1/18180
008 981015s1995 eng d
020 |a 0-7453-0952-6 
035 |l 10020823 
040 |a GR-MY-UA  |b gre  |e aacr 
041 0 |a eng 
082 0 |a 306 
100 1 |a Eriksen, Thomas Hylland. 
245 1 0 |a Small places, large issues :  |b an introduction to social and cultural anthropology /  |c Thomas Hylland Eriksen 
260 |a London :   |b Pluto Press,   |c 1995 
300 |a 323 p.  |b fig. 
490 1 |a Anthropology, culture, and society 
504 |a Includes bibliographical references and index 
650 0 0 |a Ethnology. 
767 0 8 |t Μικροί τόποι, μεγάλα ζητήματα :  
830 0 |a Anthropology, culture, and society 
852 |a INST  |b LESVOS  |e 19981015  |h 306 ERI  |p 005100012741  |q 005100012741  |t BK  |y 0 
901 |a BIBL-1998-3 
909 |a Λ  |b 059412 
922 |a 1ΕΛΗ  |b 199809  |c ΚΠΣ/ΤΚΑ  |d ΠΑΠΑΣΩΤΗΡΙΟΥ 
950 |a 117-1998-07-11